[Event "VIE-ch U15 Girls"]
[Site "Ho Chi Minh City"]
[Date "2014.07.18"]
[Round "9"]
[White "Huynh, Doan Minh Ngoc"]
[Black "Nguyen, Bui Thu Trang"]
[Result "0-1"]
[WhiteElo "1900"]
[BlackElo "1892"]
[PlyCount "80"]
[EventDate "2014.07.13"]
[EventType "swiss"]
[EventRounds "9"]
[EventCountry "VIE"]
[SourceTitle "EXT 2016"]
[Source "ChessBase"]
[SourceDate "2015.10.08"]
[SourceVersion "1"]
[SourceVersionDate "2015.10.08"]
[SourceQuality "1"]

1. e4 c5 2. Nf3 d6 3. d4 cxd4 4. Nxd4 Nf6 5. Nc3 g6 6. Be3 Bg7 7. f3 Nc6 8. Qd2 Bd7 9. 0-0-0 Rc8 10. Kb1 Ne5 11. g4 0-0 12. g5 Nh5 13. h4 a6 14. Qf2 Nc4 15. Bc1 Qb6 16. Bxc4 Rxc4 17. Nce2 e5 18. Be3 exd4 19. Nxd4 Rfc8 20. Rd2 Rb4 21. Nb3 Qc7 22. Rc1 Be6 23. Rd3 Bc4 24. Rdd1 a5 25. Bd2 Rb5 26. Qe3 a4 27. Nd4 Rb6 28. Ba5 Rxb2+ 29. Kxb2 Qxa5 30. c3 Qb6+ 31. Ka1 a3 32. Rd2 Be5 33. Nc2 Qxe3 34. Nxe3 Bf4 35. Re1 Ba6 36. Rc2 Bd3 37. Rcc1 Ng3 38. Nd5 Bxc1 39. Ne7+ Kf8 40. Nxc8 Bb2# 0-1